Rauschgiftdrogen
| Autor principal: | |
|---|---|
| Tipo de documento: | Print Libro |
| Lenguaje: | Alemán |
| Publicado: |
Berlin Heidelberg [u.a.]
Springer
1969
|
| En: |
Verständliche Wissenschaft (99)
Año: 1969 |
| Disponibilidad en Tübingen: | Disponible en Tübingen. IFK: C XVII 22 |
| Verificar disponibilidad: | HBZ Gateway |
| Servicio de pedido Subito: | Pedir ahora. |
| Palabras clave: |
MARC
| LEADER | 00000cam a2200000 c 4500 | ||
|---|---|---|---|
| 001 | 1071646486 | ||
| 003 | DE-627 | ||
| 005 | 20260206204915.0 | ||
| 007 | tu | ||
| 008 | 850101s1969 gw ||||| 00| ||ger c | ||
| 016 | 7 | |a 458562998 |2 DE-101 | |
| 035 | |a (DE-627)1071646486 | ||
| 035 | |a (DE-603)028519663 | ||
| 035 | |a (DE-576)001646486 | ||
| 035 | |a (DE-599)BSZ001646486 | ||
| 035 | |a (OCoLC)263323042 | ||
| 035 | |a (OCoLC)310510304 | ||
| 035 | |a (OCoLC)03744052 | ||
| 035 | |a (DE-604)8073583014 | ||
| 040 | |a DE-627 |b ger |c DE-627 |e rakwb | ||
| 041 | |a ger | ||
| 044 | |c XA-DE |c XD-US | ||
| 050 | 0 | |a RM315 | |
| 082 | 0 | |a 615.78 | |
| 084 | |a 18a |2 sdnb | ||
| 084 | |a 15,3 |2 ssgn | ||
| 084 | |a VW 5950 |2 rvk |0 (DE-625)rvk/147778:253 | ||
| 084 | |a XI 5800 |2 rvk |0 (DE-625)rvk/153018:12905 | ||
| 084 | |a 44.39 |2 bkl | ||
| 100 | 1 | |a Wagner, Hildebert |d 1929-2021 |0 (DE-588)121621685 |0 (DE-627)081427875 |0 (DE-576)163455481 |4 aut | |
| 109 | |a Wagner, Hildebert 1929-2021 |a Wagner, H. 1929-2021 |a Wanger, H. 1929-2021 |a Wagner, ... 1929-2021 | ||
| 245 | 1 | 0 | |a Rauschgiftdrogen |c Hildebert Wagner |
| 246 | 3 | 0 | |a rauschgift-drogen |
| 264 | 1 | |a Berlin |a Heidelberg [u.a.] |b Springer |c 1969 | |
| 300 | |a VII, 141 S. | ||
| 336 | |a Text |b txt |2 rdacontent | ||
| 337 | |a ohne Hilfsmittel zu benutzen |b n |2 rdamedia | ||
| 338 | |a Band |b nc |2 rdacarrier | ||
| 361 | 1 | |5 DE-84 |y 295397764 |s Ea-58(99)[3.Ex.] |o Vorbesitz |a Wolters, Bruno |0 (DE-588)172838096 |0 (DE-627)673874923 |0 (DE-576)163618275 |f Exemplar: Donator |l bis 2010 | |
| 361 | 1 | |5 DE-84 |y 295397764 |s Ea-58(99)[3.Ex.] |o Zugang |a Universitätsbibliothek Braunschweig |0 (DE-588)2024945-7 |0 (DE-627)102179921 |0 (DE-576)191774251 |f Bibliotheksexemplar |l seit 2010 | |
| 490 | 1 | |a Verständliche Wissenschaft |v 99 | |
| 583 | 1 | |a Archivierung/Langzeitarchivierung gewährleistet |f PEBW |x XA-DE-BW |2 pdager |5 DE-31 | |
| 583 | 1 | |a Archivierung/Langzeitarchivierung gewährleistet |c 20250619 |f SSG |x XA-DE-NI |z SSG Pharmazie |2 pdager |5 DE-84 | |
| 583 | 1 | |a Archivierung prüfen |c 20251012 |f DE-4165 |z 3 |2 pdager | |
| 650 | 0 | |a Narcotics | |
| 650 | 0 | |a Plants, medical | |
| 650 | 0 | |a Psychopharmacology | |
| 650 | 0 | 7 | |0 (DE-588)4013058-7 |0 (DE-627)106345516 |0 (DE-576)20890168X |a Droge |2 gnd |
| 650 | 0 | 7 | |0 (DE-588)4058361-2 |0 (DE-627)104798904 |0 (DE-576)209125926 |a Sucht |2 gnd |
| 689 | 0 | 0 | |d s |0 (DE-588)4048610-2 |0 (DE-627)106190091 |0 (DE-576)20907860X |a Rauschgift |2 gnd |
| 689 | 0 | |5 (DE-627) | |
| 830 | 0 | |a Verständliche Wissenschaft |v 99 |9 99 |w (DE-627)130215791 |w (DE-576)000790907 |w (DE-600)536533-8 |x 0083-5846 |7 am | |
| 889 | |w (DE-627)194531031 | ||
| 935 | |i mdedup | ||
| 935 | |h HEB |i 0501 | ||
| 935 | |h HEB |i 0503 | ||
| 936 | r | v | |a VW 5950 |b Allgemeines |k Chemie und Pharmazie |k Pharmazeutische Biologie |k Pharmazeutische Biologie allgemein |k Rauschgiftpflanzen und deren Rauschgifte Zauberpflanzen |k Allgemeines |0 (DE-627)1271715260 |0 (DE-625)rvk/147778:253 |0 (DE-576)201715260 |
| 936 | r | v | |a XI 5800 |b Allgemeines |k Medizin |k Pharmakologie und Toxikologie |k Spezielle Pharmakologie und Toxikologie |k Nervensystem und Sinnesorgane (Neuropharmakologie) |k Psychopharmaka, Rauschgifte |k Allgemeines |0 (DE-627)127150622X |0 (DE-625)rvk/153018:12905 |0 (DE-576)20150622X |
| 936 | b | k | |a 44.39 |j Toxikologie |0 (DE-627)106409328 |
| 951 | |a BO | ||
| ELC | |b 1 | ||
| LOK | |0 000 xxxxxcx a22 zn 4500 | ||
| LOK | |0 001 201208611X | ||
| LOK | |0 003 DE-627 | ||
| LOK | |0 004 1071646486 | ||
| LOK | |0 005 20020607000000 | ||
| LOK | |0 008 970929||||||||||||||||ger||||||| | ||
| LOK | |0 040 |a DE-21-110 |c DE-627 |d DE-21-110 | ||
| LOK | |0 852 |a DE-21-110 | ||
| LOK | |0 852 1 |c C XVII 22 |m p |9 00 | ||
| LOK | |0 935 |a k110 | ||
| LOK | |0 936ln |a 9.7 | ||
| LOK | |0 938 |k p | ||
| LOK | |0 939 |a 29-09-97 |b l01 | ||
| ORI | |a SA-MARC-krimdoka001.raw | ||
| SIG | |a IFK: C XVII 22 | ||
